Noticia del establecimiento y población de las colonias inglesas en la América septentrional /
Saved in:
| Hovedforfatter: | |
|---|---|
| Andre forfattere: | |
| Format: | Electronisk eBog |
| Sprog: | spansk |
| Udgivet: |
Madrid :
Doce Calles : Servicio de Publicaciones de la Universidad Autónoma de Madrid,
[2000]
|
| Serier: | Colección Regidores.
|
| Fag: | |
| Online adgang: | Digitalia Hispánica |
| Tags: |
Tilføj Tag
Ingen Tags, Vær først til at tagge denne postø!
|
MARC
| LEADER | 00000nam a2200000 i 4500 | ||
|---|---|---|---|
| 001 | DIGDOCEC0036 | ||
| 003 | NyNyDIG | ||
| 007 | cr ||||||||||| | ||
| 008 | 241010s2000 sp ob 000 0 spa d | ||
| 006 | m o d | ||
| 035 | |a (OCoLC)654418816 | ||
| 040 | |a DGITA |b eng |e rda |e pn |c DGITA | ||
| 020 | |z 9788489796249 | ||
| 043 | |a n-us--- |a n-cn--- |a e-uk--- | ||
| 050 | 1 | 4 | |a E188 ebook |
| 100 | 1 | |a Alvarez, Francisco, |d active 1778, |e author. | |
| 245 | 1 | 0 | |a Noticia del establecimiento y población de las colonias inglesas en la América septentrional / |c Francisco Alvarez ; estudio de Patricio Hidalgo Nuchera. |
| 264 | 1 | |a Madrid : |b Doce Calles : |b Servicio de Publicaciones de la Universidad Autónoma de Madrid, |c [2000] | |
| 300 | |a 1 online resource. | ||
| 336 | |a text |b txt |2 rdacontent | ||
| 337 | |a computer |b c |2 rdamedia | ||
| 338 | |a online resource |b cr |2 rdacarrier | ||
| 347 | |a text file |2 rdaft | ||
| 347 | |b PDF | ||
| 490 | 1 | |a Regidores | |
| 500 | |a Contains a facsimile of original work published in 1778. | ||
| 504 | |a Includes bibliographical references. | ||
| 588 | 0 | |a Online resource; title from PDF title page (Digitalia, viewed October 10, 2024) | |
| 651 | 0 | |a United States |x History |y Colonial period, ca. 1600-1775. | |
| 651 | 0 | |a Canada |x History |y 1763-1867. | |
| 651 | 0 | |a United States |x Description and travel |v Early works to 1800. | |
| 651 | 0 | |a Canada |x Description and travel |v Early works to 1800. | |
| 651 | 0 | |a Great Britain |x Colonies |z America |v Early works to 1800. | |
| 700 | 1 | |a Hidalgo Nuchera, Patricio, |d 1960- |e contributor agent of text. | |
| 791 | 2 | |a Digitalia (Firm), |e distributor. | |
| 793 | 0 | |g Digitalia eBook Collection: |a Ediciones Doce Calles | |
| 776 | 0 | 8 | |i Print version: |a Alvarez, Francisco, active 1778. |t Noticia del establecimiento y población de las colonias inglesas en la América septentrional. |d Madrid : Doce Calles : Servicio de Publicaciones de la Universidad Autónoma de Madrid, [2000] |z 9788489796249 |
| 830 | 0 | |a Colección Regidores. | |
| 856 | 4 | 0 | |3 Digitalia Hispánica |u https://digitalia.unach.elogim.com/a/159174/ |
| 910 | |a Premium collection: 2024 | ||